Rekonštrukcia /výstavba ulíc Lovecká a Gazdovská

Podrobná bibliografia
Hlavný autor: Balčík, Martin (Autor)
Médium: Článok
Jazyk:slovenčina
Fyzický popis:Fotografie
ISSN:1339-1062
Predmet:
On-line prístup:http://www.kosicekavecany.sk/admin/fckfiles/file/KS%202019/Spavodaj%2022019%20zkompr_.pdf

MARC

LEADER 00000nab a2200000u 4500
001 vtls011901015
003 SK-MaSNL
005 20260305012659.0
008 191118|2019 xo ||||||| || ||slo|
038 |a KEVKJB 
040 |a KEVKJB  |b slo  |e rda 
041 0 |a slo 
043 |a e-xo--- 
044 |a xo  |c SK 
072 7 |a 71  |x Územné plánovanie. Urbanizmus. Pamiatková starostlivosť  |2 konspekt 
080 |a 711.73  |2 2011 
100 1 |a Balčík, Martin  |4 aut  |9 1589876 
245 1 0 |a Rekonštrukcia /výstavba ulíc Lovecká a Gazdovská  |c Martin Balčík 
300 |b Fotografie 
336 |a text  |b txt  |2 rdacontent 
337 |a bez média  |b n  |2 rdamedia 
338 |a zväzok  |b nc  |2 rdacarrier 
650 0 7 |a ulice  |2 SNKPH  |9 2938 
650 0 7 |a rekonštrukcie  |2 SNKPH  |9 24616 
651 7 |a Košice (Slovensko)  |2 SNKPHgeo  |9 18694 
651 7 |a Kavečany (Košice I, Slovensko)  |2 SNKPHgeo  |9 29662 
773 0 |t Kavečiansky spravodaj  |g Roč. 12, č. 2 (2019), s. 1  |x 1339-1062 
852 |a KEVKJB  |b KIS3GCP 
856 4 1 |u http://www.kosicekavecany.sk/admin/fckfiles/file/KS%202019/Spavodaj%2022019%20zkompr_.pdf 
999 |c 3258697  |d 3260627